LEADER 00764naa a2200157 i 4500 001 000000325644 003 CaOOAMICUS 005 20180831173506.0 008 180831n it u000 u ita u 013 $a36697 040 $aSeMil$bita 245 13$aLa nascita dei movimenti ecclesiali nella Chiesa italiana del Novecento. Un quadro storico. 650 4$aMovimenti ecclesiali - Storia.$0(OLS)http://semarc/subject/18365 650 4$aChiesa - Movimenti.$0(OLS)http://semarc/subject/12502 773 0 $tPaolo 6. e Chiara Lubich.$dBrescia : Istituto Paolo 6., 2015.$kPubblicazioni dell'Istituto Paolo 6.$z978-88-382-4353-0$gp.12-23$w()247294 996 $6245$aLa nascita dei movimenti ecclesiali nella Chiesa italiana del Novecento. Un quadro storico.$9(OLS)http://semarc/title/398786 LEADER 01098nam a2200265 i 4500 001 000000332486 003 CaOOAMICUS 005 20190207121333.0 008 190207s2015 it u000 u ita u 013 $a238310 020 $a978-88-372-2898-9 040 $aSeMil$bita 100 1 $aBecchi, Paolo,$d<1955- >.$0(OLS)http://semarc/name/27271 245 10$aMorte cerebrale e trapianto di organi :$bnuovi studi /$cPaolo Becchi. 260 $aBrescia :$bMorcelliana,$c2015. 300 $a234 p. ;$c19 cm. 490 0 $aIl pellicano rosso. Nuova serie ;$v231 650 04$aMorte cerebrale.$0(OLS)http://semarc/subject/34752 830 3$aIl pellicano rosso. Nuova serie ;$v231.$0(OLS)http://semarc/title/11366 850 $aSeMil 852 $aSeMil$W1$xVenegono$y1$m2LA V 231$j266701$B224296$CSeMilBibl$Z2$F224296 $81 996 $6020$a978-88-372-2898-9$9(OLS)http://semarc/number/286521 996 $6245$aMorte cerebrale e trapianto di organi :$bnuovi studi$9(OLS)http://semarc/title/421350 996 $6260$aBrescia :$bMorcelliana$9(OLS)http://semarc/publisher/29629